00410nam a2200133Ia 4500008004100000041001200041082002100053100002500074245006300099250001200162260004900174300000800223650004500231231217s9999 xx 000 0 und d aEnglish a370.15 PAN;1 R aPandey, Ashok Kumar. 0aCognitive and affective : correlates of divergent thinking a1st ed. c1994bNational Technological Cor.aNew Delhi a120 aCognitive,affective,correlates,divergent